LEADER 04254nam 2200637 a 450 001 9910457211603321 005 20200520144314.0 010 $a1-60086-604-2 010 $a1-60086-385-X 035 $a(CKB)2550000000072750 035 $a(EBL)3111686 035 $a(SSID)ssj0000565863 035 $a(PQKBManifestationID)12272479 035 $a(PQKBTitleCode)TC0000565863 035 $a(PQKBWorkID)10532991 035 $a(PQKB)10392410 035 $a(MiAaPQ)EBC3111686 035 $a(Au-PeEL)EBL3111686 035 $a(CaPaEBR)ebr10516791 035 $a(OCoLC)922979134 035 $a(EXLCZ)992550000000072750 100 $a19910130d1991 uy 0 101 0 $aeng 135 $aur|n|---||||| 181 $ctxt 182 $cc 183 $acr 200 10$aDynamics of deflagrations and reactive systems$b[electronic resource] $eflames /$fedited by A.L. Kuhl ... [et al.] 210 $aWashington, D.C. $cAmerican Institute of Aeronautics and Astronautics$dc1991 215 $a1 online resource (439 p.) 225 1 $aProgress in astronautics and aeronautics ;$vv. 131 300 $a"Technical papers presented from the Twelfth International Colloquium on Dynamics of Explosions and Reactive Systems, Ann Arbor, Michigan, July 1989, and subsequently revised for this volume." 311 $a0-930403-95-9 320 $aIncludes bibliographical references and index. 327 $a""Cover""; ""Title""; ""Copyright""; ""Table of Contents""; ""Preface""; ""Chapter I. Ignition Dynamic""; ""Detailed Numerical Modeling of H2-O2 Ignition by Hot Spots""; ""Ignition Phenomena in H2-O2 Mixtures""; ""Ignition of Fresh Mixtures Injected into Burned Gases""; ""Analysis of Ignition Mechanism of Combustible Mixtures by Short-Duration Sparks""; ""Flat Plate Boundary Layer Ignition with Fuel Thermal Diffusion""; ""Chapter II. Diffusion Flames and Shear Effects""; ""Analysis of the Structure of Counterflow Hydrogen-Air Diffusion Flames"" 327 $a""Flame Structure of Axisymmetric Hydrogen-Air Diffusion Flames""""Numerical Modeling of the Structure and Properties of Tubular Strained Laminar Premixed Flames""; ""Simulation of Partially Premixed Methane-Air Counterflow-Diffusion Flames and Comparison with Experimental Results""; ""Extinction of Premixed Curved Flames Stabilized in a Stagnation Flow""; ""Chapter III. Dynamics of Flames and Shear Layers""; ""Dynamics of an Unsteady Diffusion Flame:Effects of Heat Release and Viscosity""; ""Dynamics of Turbulent Diffusion Flame Surface"" 327 $a""Structure of the Reaction Zone in a Reacting Mixing Layer""""Flow-Combustion Interactions in a Turbulent Jet""; ""Chapter IV. Turbulent Flames""; ""Investigation on the Laminar and Turbulent Burning Velocities of Premixed Lean and Rich Flames of CH4-H2-Air Mixtures""; ""Geometry Effects on Premixed Turbulent Propagating Flames""; ""Multivariate PDF Closure Applied to Oxidation of CO in a Turbulent Flow""; ""Modeling Turbulent Reacting Flows: Detailed Chemical Reaction Mechanisms and Sensitivity Analysis""; ""Numerical Simulation of a Premixed Flame in a Turbulent Boundary Layer"" 327 $a""Chapter V. Flame Propagation in Combustion Engines""""Flame Imaging Studies of Flame Development in a SI Four-Stroke Engine""; ""Flame Propagation Behavior in a Variable Hydrodynamic Constant Volume Combustion Chamber""; ""Effect of Turbulent Fluid Motion on Low-Temperature Autoignition of Fuel-Air Mixture Under Piston Compression""; ""Experimental Study of N-Butane Autoignition in a Rapid Compression Machine""; ""Author Index"" 410 0$aProgress in astronautics and aeronautics ;$vv. 131. 606 $aFlame$vCongresses 606 $aGas dynamics$vCongresses 608 $aElectronic books. 615 0$aFlame 615 0$aGas dynamics 676 $a629.1 s 676 $a541.3/61 701 $aKuhl$b A. L$023160 712 02$aAmerican Institute of Aeronautics and Astronautics. 712 12$aInternational Colloquium on Dynamics of Explosions and Reactive Systems 801 0$bMiAaPQ 801 1$bMiAaPQ 801 2$bMiAaPQ 906 $aBOOK 912 $a9910457211603321 996 $aDynamics of deflagrations and reactive systems$91985055 997 $aUNINA LEADER 02864nam 2200709Ia 450 001 9910213829603321 005 20251116154823.0 010 $a9780874213287 010 $a0874213282 010 $a9780585099033 010 $a0585099030 035 $a(CKB)111000211321172 035 $a(EBL)496641 035 $a(OCoLC)609859533 035 $a(SSID)ssj0000110751 035 $a(PQKBManifestationID)11145457 035 $a(PQKBTitleCode)TC0000110751 035 $a(PQKBWorkID)10065658 035 $a(PQKB)11019352 035 $a(MiAaPQ)EBC3442796 035 $a(OCoLC)42331007 035 $a(MdBmJHUP)muse16314 035 $a(MiAaPQ)EBC496641 035 $a(Au-PeEL)EBL496641 035 $a(DE-B1597)716573 035 $a(DE-B1597)9780874213287 035 $a(Perlego)2030958 035 $a(EXLCZ)99111000211321172 100 $a19971215d1998 uy 0 101 0 $aeng 135 $aur|n|---||||| 181 $ctxt 182 $cc 183 $acr 200 10$aBetween talk and teaching $ereconsidering the writing conference /$fLaurel Johnson Black 205 $a1st ed. 210 $aLogan, Utah $cUtah State University Press$d1998 215 $a1 online resource (189 p.) 300 $aDescription based upon print version of record. 311 08$a9780874212419 311 08$a0874212413 320 $aIncludes bibliographical references (p. [169]-172). 327 $aPower and talk -- Gender and conferencing -- Cross-cultural conferencing -- The affective dimension -- Possibilities works cited. 330 $aThe teacher-student conference is standard in the repertoire of teachers at all levels. Because it's a one-to-one encounter, teachers work hard to make it comfortable; but because it's a pedagogical moment, they hope that learning occurs in the encounter, too. The literature in this area often suggests that a conference is a conversation, but this doesn't account for a teacher's need to use it pedagogically. Laurel Johnson Black's new book explores the conflicting meanings and relations embedded in conferencing and offers a new theoretical understanding of the conference along with pra 606 $aEnglish language$xRhetoric$xStudy and teaching 606 $aReport writing$xStudy and teaching (Higher) 606 $aTeacher-student relationships 606 $aTutors and tutoring 615 0$aEnglish language$xRhetoric$xStudy and teaching. 615 0$aReport writing$xStudy and teaching (Higher) 615 0$aTeacher-student relationships. 615 0$aTutors and tutoring. 676 $a808/.042/07 676 $a808.04207 700 $aBlack$b Laurel Johnson$f1957-$01025071 801 0$bMiAaPQ 801 1$bMiAaPQ 801 2$bMiAaPQ 906 $aBOOK 912 $a9910213829603321 996 $aBetween Talk And Teaching$92436917 997 $aUNINA